Welcome to CU Library Online Public Access Catalogue (OPAC)

Linear Algebra and its Applications (Record no. 8496)

MARC details
000 -LEADER
fixed length control field 00568nam a22001817a 4500
005 - DATE AND TIME OF LATEST TRANSACTION
control field 20251202162329.0
008 - FIXED-LENGTH DATA ELEMENTS--GENERAL INFORMATION
fixed length control field 251202b |||||||| |||| 00| 0 eng d
020 ## - INTERNATIONAL STANDARD BOOK NUMBER
International Standard Book Number 9781292351216
050 ## - LIBRARY OF CONGRESS CALL NUMBER
Classification number QA184
Item number .L397
100 ## - MAIN ENTRY--PERSONAL NAME
Personal name Lay, David C.
245 ## - TITLE STATEMENT
Title Linear Algebra and its Applications
Statement of responsibility, etc. David C. Lay, Steven R. Lay & Judi J. McDonald
250 ## - EDITION STATEMENT
Edition statement 6th ed.
Remainder of edition statement global edition
260 ## - PUBLICATION, DISTRIBUTION, ETC.
Place of publication, distribution, etc. United Kingdom
Name of publisher, distributor, etc. Pearson
Date of publication, distribution, etc. 2022
300 ## - PHYSICAL DESCRIPTION
Extent various paging
Other physical details ill. some color
Dimensions 25.5cm
700 ## - ADDED ENTRY--PERSONAL NAME
Personal name Lay, Steven R.
700 ## - ADDED ENTRY--PERSONAL NAME
Personal name McDonald, Judi J.
942 ## - ADDED ENTRY ELEMENTS (KOHA)
Source of classification or shelving scheme Library of Congress Classification
Koha item type Books
Edition 6th ed.
Suppress in OPAC No
999 ## -
-- 8496
-- 8496
Holdings
Withdrawn status Lost status Source of classification or shelving scheme Damaged status Not for loan Collection Home library Current library Shelving location Date acquired Total checkouts Full call number Barcode Date last seen Copy number Price effective from Koha item type
    Library of Congress Classification     Non-fiction Science Library (Miotso) Science Library (Miotso) General stacks 12/02/2025   QA184 .L397 LAY SLM00006528 12/02/2025 1 12/02/2025 Books
© 2023-2024 Copyright: Central University Libraries. All Rights Reserved | Created by: Mahone Tech Office